ბათუმის შოთა რუსთაველის სახელმწიფო უნივერსიტეტის ბიბლიოთეკა

სინური მრავალთავი 864 წლისაა : (ბიბ.ჩანაწერი № 51119)

000 -ლიდერი
ფიქსირებული სიგრძის საკონტროლო ველი 01132nam a2200217Ia 4500
001 - საკონტროლო ნომერი
საკონტროლო ველი 18076
003 - საკონტროლო ნომრის იდენტიფიკატორი
საკონტროლო ველი GE_BSU
005 - ბოლო ოპერაციის თარიღი და დრო
საკონტროლო ველი 20200331213051.0
008 - ფიქსირებული სიგრძის მონაცემთა ელემენტები - ზოგადი ინფორმაცია
ფიქსირებული სიგრძის საკონტროლო ველი 181216s1959||||ge |||||||||||||| ||geo||
040 ## - კატალოგიზაციის წყარო
Transcribing agency GE_BSU
041 ## - ენის კოდი
Language code of text/sound track or separate title geo
080 ## - უნივერსალური ათობითი კლასიფიკაციის ინდექსი
Universal Decimal Classification number 091(=353.1) ს-52
245 ## - ცნობა სათაურის შესახებ
Title სინური მრავალთავი 864 წლისაა :
Remainder of title ძველი ქართული ენის კათედრის შრომები 5 /
Statement of responsibility, etc რედ. ა. შანიძე.
264 ## - წარმოების, გამოცემის, დისტრიბუციის და სხვა ცნობები
გამოცემის, წარმოების, დისტრიბუციის... ადგილი თბილისი :
გამოცემის, წარმოების, დისტრიბუციის... სახელწოდება თბ.სტალინის სახ. სახ. უნ-ტის გამ-ბა,
გამოცემის, წარმოების, დისტრიბუციის... თარიღი 1959.
300 ## - ფიზიკური აღწერა
Extent 338 გვ. :
Other physical details ახლავს 11 ტაბულა;
Dimensions 26 სმ.
653 ## - INDEX TERM--UNCONTROLLED
Uncontrolled term სინური მრავალთავი
653 ## - INDEX TERM--UNCONTROLLED
Uncontrolled term ძველი ქართული ენის კათედრის შრომები
700 ## - ADDED ENTRY--PERSONAL NAME
Personal name შანიძე, ა.
Relator term რედაქტორი
9 (RLIN) 7838
710 ## - ADDED ENTRY--CORPORATE NAME
Corporate name or jurisdiction name as entry element სსრ კავშირის უმაღლესი განათლების სამინისტრო
9 (RLIN) 7702
942 ## - ADDED ENTRY ELEMENTS (KOHA)
Koha item type წიგნი
Source of classification or shelving scheme
ეგზემპლარები
ჩამოწერის სტატუსი დაკარგული ეგზემპლარის სტატუსი კლასიფიკაციის წყარო ან თაროზე გაწყობის სქემა დაზიანების სტატუსი არ გაიცემა მუდმივი მდებარეობა (დაცვის ადგილი) ამჟამინდელი ადგილსამყოფელი თაროზე განთავსების ადგილი შეძენის თარიღი სრული შენახვის შიფრი შტრიხკოდი ბოლო ოპერაციის თარიღი ეგზემპლარის მიმდევრობითი ნომერი (კეტერი?) ფასის ძალაში შესვლის თარიღი ეგზემპლარის სახეობა ღირებულება, შესყიდვის ნორმალური ფასი საჯარო შენიშვნა
          ბათუმის შოთა რუსთაველის სახელმწიფო უნივერსიტეტის მთავარი ბიბლიოთეკა ბათუმის შოთა რუსთაველის სახელმწიფო უნივერსიტეტის მთავარი ბიბლიოთეკა წიგნსაცავი 2018-12-17 091(=353.1) ს-52 46065 2018-12-17 46065 2018-12-17 წიგნი    
          ბათუმის შოთა რუსთაველის სახელმწიფო უნივერსიტეტის მთავარი ბიბლიოთეკა ბათუმის შოთა რუსთაველის სახელმწიფო უნივერსიტეტის მთავარი ბიბლიოთეკა წიგნსაცავი 2018-12-17 091(=353.1) ს-52 51998 2018-12-17 51998 2018-12-17 წიგნი 10.00 10.00 ლ.
          ბათუმის შოთა რუსთაველის სახელმწიფო უნივერსიტეტის მთავარი ბიბლიოთეკა ბათუმის შოთა რუსთაველის სახელმწიფო უნივერსიტეტის მთავარი ბიბლიოთეკა წიგნსაცავი 2018-12-17 091(=353.1) ს-52 51999 2018-12-17 51999 2018-12-17 წიგნი 7.00 7.00 ლ.
          ბათუმის შოთა რუსთაველის სახელმწიფო უნივერსიტეტის მთავარი ბიბლიოთეკა ბათუმის შოთა რუსთაველის სახელმწიფო უნივერსიტეტის მთავარი ბიბლიოთეკა წიგნსაცავი 2018-12-17 091(=353.1) ს-52 52747 2018-12-17 52747 2018-12-17 წიგნი 3.34 3.34 ლ.